| 000 | 00575nam a22001932 4500 | ||
|---|---|---|---|
| 001 | 0000024051 | ||
| 005 | 20151217152255.0 | ||
| 008 | 130507s xx 000 0 eng d | ||
| 040 |
_aKABU _cKABU |
||
| 100 | 1 |
_aBunton, G. L. _@0000183962 |
|
| 245 | 1 | 0 |
_aFluid balance without tears or the child's guide to electrlytes / _cG. L. Bunton. |
| 250 | _a1st ed. | ||
| 260 |
_aLondon : _bLloyd-Luke, _c1965. |
||
| 300 | _a29 p. | ||
| 650 | 0 |
_aFluid therapy. _@0000183963 |
|
| 852 | 1 | _9p200 KES | |
| 908 | _a130507 | ||
| 950 | _@1 | ||
| 999 |
_c10153 _d10153 |
||